Normal view
MARC view
- Radio
Entry Topical Term
001 - CONTROL NUMBER
- control field: 41715
003 - CONTROL NUMBER IDENTIFIER
- control field: NUST
005 - DATE AND TIME OF LATEST TRANSACTION
- control field: 20210314132121.0
008 - FIXED-LENGTH DATA ELEMENTS
- fixed length control field: 210314|| aca||aabn | a|a d
040 ## - CATALOGING SOURCE
- Original cataloging agency: NUST
- Transcribing agency: NUST
150 ## - HEADING--TOPICAL TERM
- Topical term or geographic name entry element: Radio
- General subdivision: Receivers and reception
670 ## - SOURCE DATA FOUND
- Source citation: Work cat.: (NUST): Langford-Smith, F. 41714, The radiotron designer's handbook., 1941.
